000 00884nam0a22002651 4500
001 rc\4065883
005 20130415152046.6
021 _aRU
_b[55-790]
035 _a(NLR Aleph) 008116136
090 _a9335119
_c9335119
100 _a20130415d1954 |||y0rusy50 ca
101 0 _arus
102 _aRU
105 _aab j |||||
200 1 _aГеодезия
_e[Учебник для гидрометеорол. техникумов]
210 _aЛенинград
_cГидрометеоиздат
_d1954
215 _a392 с., 2 л. карт.
_cил., карт.
_d23
320 _aБиблиогр.: с. 387
606 _aГеодезия
_jУчебники и пособия
_2psbo
700 1 _aМодринский
_bН. И.
_gНиколай Иванович
801 0 _aRU
_bNLR
_gpsbo
801 1 _aRU
_bELAR
_2rusmarc
852 _aNLR
_jГд02 Г-5/106
942 _cBOOK
980 _aNB